000
00274nam a22001337a 4500
008
180307b xxu||||| |||| 00| 0 eng d
020
_a
9781429260091
041
_a
eng
080
_a
51
100
_a
36
101
_a
mat
245
_a
calculus
_c
jon.r
942
_2
udc
_c
BK
999
_c
44238
_d
44238